| 000 | 00670cam a2200193 a 4500 | ||
|---|---|---|---|
| 020 | _a0764540688 | ||
| 040 | _cEQO | ||
| 082 | 0 | 0 | _a005 WIL 2003 A002 Or. |
| 100 | 1 | _aLeVitus, Bob. | |
| 245 | 1 | 0 |
_aDr. Mac : _bthe OS X files, Panther edition : how to become a Panther power user / |
| 260 |
_aNew York : _bWiley, _c2003. |
||
| 300 |
_axxi, 482 p. : _bill. ; _c23 cm. |
||
| 500 | _aPrevious ed.: 2002. | ||
| 650 | 0 | _aMacintosh (Computer) | |
| 856 | 4 | 2 | _uhttp://www.loc.gov/catdir/description/wiley042/2004295233.html |
| 856 | 4 | 1 | _uhttp://www.loc.gov/catdir/toc/wiley041/2004295233.html |
| 856 | 4 | 2 | _uhttp://www.loc.gov/catdir/bios/wiley047/2004295233.html |
| 942 | _cEK | ||
| 999 |
_c17151 _d17151 |
||